[Event "SB-2017-0-00484"]
[Site "LSS email"]
[Date "2017.01.29"]
[Round "?"]
[White "Paetzold, Ortwin"]
[Black "Herzog, Klaus"]
[Result "1/2-1/2"]
[WhiteElo "1923"]
[BlackElo "1826"]
[PlyCount "61"]
[EventDate "2016.12.26"]
[EventType "tourn (corr)"]
[EventRounds "6"]
[EventCountry "GER"]
[SourceTitle "Corr 2022"]
[Source "ChessBase"]
[SourceDate "2021.10.24"]
[SourceVersion "1"]
[SourceVersionDate "2021.10.24"]
[SourceQuality "1"]

1. e4 e5 2. Nf3 Nc6 3. Bb5 a6 4. Ba4 Nf6 5. 0-0 Be7 6. Re1 b5 7. Bb3 0-0 8. a4 b4 9. d4 d6 10. dxe5 dxe5 11. Qxd8 Rxd8 12. Nbd2 h6 13. Bc4 Bd6 14. a5 Re8 15. b3 Bb7 16. Bb2 Rad8 17. Re2 Bc5 18. g3 g5 19. h3 Kg7 20. Kf1 Nd4 21. Nxd4 Bxd4 22. Bxd4 Rxd4 23. Kg1 Red8 24. Nf3 Rxe4 25. Nxe5 Rxe2 26. Bxe2 Re8 27. f4 Ne4 28. Kh2 Nc5 29. Rd1 Be4 30. Rd4 Bxc2 31. Rc4 1/2-1/2

[Event "SB-2017-0-00484"]
[Site "LSS email"]
[Date "2017.01.29"]
[Round "?"]
[White "Paetzold, Ortwin"]
[Black "Herzog, Matthias"]
[Result "1/2-1/2"]
[WhiteElo "1923"]
[BlackElo "1796"]
[PlyCount "76"]
[EventDate "2016.12.26"]
[EventType "tourn (corr)"]
[EventRounds "6"]
[EventCountry "GER"]
[SourceTitle "Corr 2022"]
[Source "ChessBase"]
[SourceDate "2021.10.24"]
[SourceVersion "1"]
[SourceVersionDate "2021.10.24"]
[SourceQuality "1"]

1. e4 e5 2. Nf3 Nc6 3. Bb5 Nf6 4. 0-0 Nxe4 5. d4 Nd6 6. Bxc6 dxc6 7. dxe5 Nf5 8. Qxd8+ Kxd8 9. Nc3 Ke8 10. Rd1 Ne7 11. h3 Ng6 12. Ne2 Be7 13. b3 a5 14. a4 f6 15. Bb2 Kf7 16. exf6 gxf6 17. Rd3 Rg8 18. Ng3 Nf4 19. Re3 Bd6 20. Rae1 Be6 21. Nh4 Rae8 22. Kf1 Bb4 23. Rd1 Rd8 24. Rb1 Bd2 25. Re4 Nd5 26. Nf3 Bc3 27. Ba1 Rge8 28. Rh4 Bxa1 29. Rxa1 Kg6 30. Re1 Nb4 31. c4 Nc2 32. Ree4 b6 33. Kg1 Bc8 34. Rxe8 Rxe8 35. Nh5 Bf5 36. Kh2 Rd8 37. Ng3 Bd3 38. Nh5 Bf5 1/2-1/2

[Event "WC-2017-P-00019"]
[Site "LSS email"]
[Date "2017.01.23"]
[Round "?"]
[White "Paetzold, Ortwin"]
[Black "Fernandez, Javier Horacio"]
[Result "1/2-1/2"]
[WhiteElo "1929"]
[BlackElo "2325"]
[PlyCount "30"]
[EventDate "2017.02.01"]
[EventType "tourn (corr)"]
[EventRounds "12"]
[EventCountry "GER"]
[SourceTitle "Corr 2024"]
[Source "ChessBase"]
[SourceDate "2023.10.19"]
[SourceVersion "1"]
[SourceVersionDate "2023.10.19"]
[SourceQuality "1"]

1. e4 c6 2. d4 d5 3. Nc3 dxe4 4. Nxe4 Bf5 5. Ng3 Bg6 6. h4 h6 7. Nf3 e6 8. Ne5 Bh7 9. Bd3 Bxd3 10. Qxd3 Nd7 11. Bf4 Nxe5 12. Bxe5 Qa5+ 13. c3 Nf6 14. Ne4 0-0-0 15. Qf3 Nxe4 1/2-1/2

[Event "WC-2017-P-00019"]
[Site "LSS email"]
[Date "2017.01.23"]
[Round "?"]
[White "Paetzold, Ortwin"]
[Black "Lebedev, Alexander"]
[Result "1/2-1/2"]
[WhiteElo "1929"]
[BlackElo "1928"]
[PlyCount "54"]
[EventDate "2017.02.01"]
[EventType "tourn (corr)"]
[EventRounds "12"]
[EventCountry "GER"]
[SourceTitle "Corr 2022"]
[Source "ChessBase"]
[SourceDate "2021.10.24"]
[SourceVersion "1"]
[SourceVersionDate "2021.10.24"]
[SourceQuality "1"]

1. e4 e5 2. Nf3 Nc6 3. Bb5 Nf6 4. 0-0 Nxe4 5. d4 Nd6 6. Bxc6 dxc6 7. dxe5 Nf5 8. Qxd8+ Kxd8 9. Nc3 Ke8 10. h3 Be7 11. Rd1 h5 12. Bg5 Be6 13. Rd2 Rd8 14. Rxd8+ Kxd8 15. Rd1+ Kc8 16. Bxe7 Nxe7 17. Ng5 Rf8 18. Nxe6 fxe6 19. Ne4 Rf5 20. f4 Rxf4 21. Nc5 Nd5 22. Nxe6 Re4 23. Nxg7 Rxe5 24. Kf2 Nf4 25. h4 Re7 26. g3 Rxg7 27. gxf4 Rg4 1/2-1/2

[Event "SB-2016-0-00479"]
[Site "LSS email"]
[Date "2016.12.12"]
[Round "?"]
[White "Paetzold, Ortwin"]
[Black "Korinek, Jaroslav"]
[Result "0-1"]
[WhiteElo "1924"]
[BlackElo "1995"]
[PlyCount "90"]
[EventDate "2016.11.25"]
[EventType "tourn (corr)"]
[EventRounds "6"]
[EventCountry "GER"]
[SourceTitle "Corr 2022"]
[Source "ChessBase"]
[SourceDate "2021.10.24"]
[SourceVersion "1"]
[SourceVersionDate "2021.10.24"]
[SourceQuality "1"]

1. Nf3 d5 2. g3 c5 3. d3 Nc6 4. Bg2 e5 5. 0-0 Nf6 6. e4 d4 7. Nbd2 Bd6 8. Nc4 Bc7 9. a4 0-0 10. Nh4 Be6 11. Nf5 Qd7 12. Qf3 Kh8 13. b3 Rab8 14. Bd2 b6 15. Qd1 a6 16. Qf3 Ng8 17. Qe2 Rfe8 18. Rfb1 f6 19. Nb2 g6 20. Nh4 Nge7 21. f4 exf4 22. Bxf4 Bxf4 23. gxf4 g5 24. fxg5 fxg5 25. Nf3 Rg8 26. Kh1 Ng6 27. Nc4 Nf4 28. Qd2 Qc7 29. Rf1 h6 30. Qe1 Rbf8 31. Ng1 Nb4 32. Qd2 b5 33. Nb2 Nc6 34. Ne2 Ne5 35. Nxf4 gxf4 36. Rxf4 Nc4 37. dxc4 Rxf4 38. Nd3 Rh4 39. e5 bxc4 40. bxc4 Qg7 41. Qf2 Rg4 42. Bc6 Rc8 43. Qf3 Rf8 44. Qe2 Bxc4 45. Rf1 Qg8 0-1